MDQL
is popping MORE tags! Check the
thread
!
Quizzes
Events
Quiz Creation
Community
Videos
Private Events
Remove Ads
Sign In
Join for FREE
Feedback
Dark Mode
Quiz Categories
Sports
Geography
Music
Movies
Television
Just For Fun
Miscellaneous
History
Literature
Language
Science
Gaming
Entertainment
Religion
Holiday
For Kids
Quiz Lab
Recent
Popular Today
Quiz Kudos Today
Editor Picks
Curator Picks
Quizzes by...
Day
Popularity
Type
Ratings
Length
Year
Community
Subscriptions
Recent Discussions
Orange Saloon
Badges
Playlists
Quests
Create
Leaderboards
Showdown
Live 5
Trivia Bingo
Activity
Puzzle Library
Sporcle Events
Private Events
Virtual Trivia
Globe League
Become a Host
Pub Owners
SporcleCon
Opinionation
Our Games
Videos
Blog
Mobile Apps
Partnerships
Remove Ads and Go Orange
Feedback
Literature
Harry Potter
A Song of Ice and Fire
The Hunger Games
Literary Character
Shakespeare
Book
Author
Novel
Poem
Young Adult
Children's Books
Play
Lord of the Rings
Literature
Harry Potter
A Song of Ice and Fire
The Hunger Games
Literary Character
Shakespeare
Book
Author
Novel
Poem
Young Adult
Children's Books
Play
Lord of the Rings
Random Quiz
Search Sporcle
×
Editor Pick
Editor Pick
Literature
Typing
Type in answers that appear in a list
Type in answers that appear in a list
Classic
Best Score? Go Orange.
Literature Blitz Stats
In under a minute, can you name the answers to these questions about various literature?
By
oldkent
60s
29 Questions
3,225 Plays
3,225 Plays
3,225 Plays
Comments
Comments
Give Quiz Kudos
Give Quiz Kudos
-
- Ratings
hide this ad
Replay
Link that replays current quiz
Next Quiz
Link to next quiz in quiz playlist
You Got
0%
They Got
Avg Score
56%
Avg Friend Score
Upgrade to see
Score Distribution
Jump to the score distribution portion of the page
Score
0/29
Timer
01:00
0
Plays Today
Trivia
Answer
% Correct
Wonka Kids
Charlie Bucket
79.2%
Fellowship of the Ring
Frodo Baggins
79%
Pooh and Friends
Winnie-the-Pooh
76.3%
Dan Brown Books
The Da Vinci Code
72.8%
Fellowship of the Ring
Samwise Gamgee
71.3%
Fellowship of the Ring
Gandalf
68.4%
Pooh and Friends
Tigger
67.3%
Pooh and Friends
Piglet
66.9%
Dan Brown Books
Angels & Demons
65.5%
Fellowship of the Ring
Legolas
63.2%
Fellowship of the Ring
Meriadoc Brandybuck
61.2%
Fellowship of the Ring
Aragorn
60.9%
Fellowship of the Ring
Peregrin Took
60.7%
Pooh and Friends
Roo
60.6%
Pooh and Friends
Eeyore
59.9%
Trivia
Answer
% Correct
Wonka Kids
Augustus Gloop
59.5%
Fellowship of the Ring
Gimli
59.4%
Wonka Kids
Violet Beauregarde
59.3%
Wonka Kids
Veruca Salt
59%
Pooh and Friends
Kanga
58.7%
Pooh and Friends
Owl
57.1%
Fellowship of the Ring
Boromir
54.9%
Wonka Kids
Mike Teavee
53.1%
Pooh and Friends
Christopher Robin
51.9%
Pooh and Friends
Rabbit
51.7%
Dan Brown Books
The Lost Symbol
20.8%
Dan Brown Books
Inferno
19.1%
Dan Brown Books
Digital Fortress
16.4%
Dan Brown Books
Deception Point
13.9%
Quiz Playlist
Details
Report
Send in Message
Add To Playlist
Classic:
Type in answers that appear in a list
Last Updated: Feb 16, 2017
Editor Pick in
Literature
Quiz Scoreboard
CHALLENGE
Sign Up to Join the Scoreboard
Show All
Scores
Hide
Comments
May contain spoilers
Recently Published
Colored Red Africa Blitz
by spor1
Geography
30s
Find the 'City' Movie
by crazypaving
Movies
60s
5x2 Blitz: Bands
by SL_Kpop136
Music
30s
More to Explore
Quiz From the Vault
Featured Blog Post
14 Easter Pick-up Lines to Find Eggs With
hide this ad
You Might Also Like...
Tags
Blitz Quiz
Lord of the Rings Quiz
Typing Quiz
Dan Brown
Fellowship
JRR Tolkien
milne
Roald Dahl
Willy Wonka
Winnie-the-Pooh
Today's Top Quizzes in Literature
Browse Literature
hide this ad
Today's Top Quizzes in Typing
Browse Typing
Top Contributed Quizzes in Literature
1
Sneaky Slytherin Logic Puzzle
2
Harry Potter logic puzzle: The Hogwarts Soap Opera
3
Harry Potter Slytherin Logic Puzzle
4
Get The Picture: Black or White Literature
5
ASOIAF Siblings Logic Puzzle
6
'Middle' Earth
7
A Song of Ice and Fire Logic Puzzle
8
Harry Potter Logic Puzzle 1
9
Logic Puzzle: Avoid Dumbledore's Army
10
Mini Trivia Sudoku: A Song of Ice and Fire
Explore More
Trending Topics
Harry Potter
Anime
Disney
NBA
Kpop
Marvel
Crossword
Song
Soccer
NFL
The Office
Country
Pokémon
WWE
Puzzle
hide this ad
More By:
oldkent
Quiz
Plays
Rating
Category
Featured
Created
Harry Potter: Family Relationships
327,053
4.35
Literature
Apr 5, 2010
Car Brands by Model
251,863
3.87
Miscellaneous
Dec 11, 2009
Mystery Countries!
248,360
4.56
Geography
Jun 16, 2010
Avoid the Fake Bond Title Words
219,756
4.20
Movies
Apr 28, 2013
Harry Potter Characters by Actor
208,599
4.24
Movies
May 28, 2010
Go to Creator's Profile
Score Distribution
Quiz Creator Spotlight
oldkent
Follow
Send a Message
Quizzes Created
-
Created Quiz Play Count
-
More By This Creator
Popular Quizzes Today
1
Colored Red Africa Blitz
2
Find the US States - No Outlines Minefield
3
Find the 'City' Movie
4
5x2 Blitz: Bands
5
The Countries of the World
6
Find the US States
7
Find the Countries of Europe - No Outlines Minefield
8
US States
More Literature Quizzes
Babelfish Books
Published
Trending Quizzes
Colored Red Europe Blitz I
Colored Red Europe Blitz II
Colored Red Africa Blitz II
Colored Red Europe Blitz III
Colored Red Africa Blitz III
Recently Updated
How Do You Spell That?
pecheneg
Godzilla Movies
pecheneg
Grab Bag: 4-10 Letters
pecheneg
2024 March Madness Bracket
pecheneg
Famous TV Couples
Peacemaker
Champions League XIs: Real Madrid
pecheneg
Largest US Cities 1790-2010
pecheneg
Rides in Walt Disney World
pecheneg
Most Oscar Losses (Acting)
pecheneg
Beyoncé Albums
pecheneg
Trending Topics
Crossword
Disney
Marvel
Kpop
NBA
Anime
Harry Potter
Song
The Office
WWE
Country
NFL
Pokémon
Puzzle
Soccer
Your Account Isn't Verified!
In order to create a playlist on Sporcle, you need to verify the email address you used during registration. Go to your
Sporcle Settings
to finish the process.
Report this User
Report this user for behavior that violates our
Community Guidelines
.
Details:
Send Report
Go to the Sporcle.com Mobile Site →
Comments